| 000 | 00730nam a2200229Ia 4500 | ||
|---|---|---|---|
| 003 | GCL | ||
| 008 | 140319s9999 xx 000 0 ara d | ||
| 040 |
_aGCL / _cGCL |
||
| 082 | 0 | 4 |
_a301.045 _bل ت |
| 100 | 1 | _aليفين، ز.ا. | |
| 245 | 1 | 0 |
_aالتنوير والقومية : تطور الفكر الاجتماعى العربى الحديث / _cليفين، ز.ا. |
| 700 | 1 | _aبشير السباعى | |
| 260 |
_a[S.N] : _bمكتبة مدبولى ، _c1987 |
||
| 300 | _a43 ص | ||
| 490 | _a | ||
| 650 | 0 | 4 | _aالاجتماع |
| 650 | 0 | 4 | _aالثقافة العربية |
| 650 | 0 | 4 | _aعلم النفس الاجتماعى |
| 650 | 0 | 4 | _aالقومية العربية |
| 650 | 0 | 4 | _aالتنوير |
| 942 |
_2ddc _cBK |
||
| 999 |
_c36587 _d36587 |
||